| 000 | 00507nam a2200181Ia 4500 | ||
|---|---|---|---|
| 008 | 230917s9999||||xx |||||||||||||| ||und|| | ||
| 020 | _cRS500 | ||
| 040 |
_e233650 _aMAIN |
||
| 041 | _aEnglish | ||
| 082 | _a338.4791 S75S(5) | ||
| 100 | _aSeth, Prem Nath | ||
| 245 | 0 | _aSucessful tourism management: Fundamentals of tourism, 2V | |
| 250 | _a5th ed. | ||
| 260 |
_aNew Delhi _bSterling Publishers _c2006 |
||
| 300 | _a399 p. | ||
| 500 | _a2344 29/07/2016 HBD16/6690 07/10/2016 Main Budget | ||
| 942 | _cBK | ||
| 999 |
_c18807 _d18807 |
||